Občanský a společenskovědní základ : přehled středoškolského učiva /
Ucelený přehled středoškolského učiva z oblasti psychologie, sociologie, politologie, práva, ekonomie, filosofie a europolitiky.
Uloženo v:
| Hlavní autor: | |
|---|---|
| Další autoři: | , , , , , , , , , , |
| Médium: | E-kniha |
| Jazyk: | Czech |
| Vydáno: |
V Brně :
Edika,
2023
|
| Vydání: | Třetí, aktualizované vydání |
| Edice: | Maturity (Edika)
|
| Témata: | |
| Tagy: |
Žádné tagy |
| LEADER | 03240nam a2200649 i 4500 | ||
|---|---|---|---|
| 001 | 312320 | ||
| 003 | CZ PrSKC | ||
| 005 | 20260601215721.0 | ||
| 007 | ta | ||
| 008 | 230831s2023 xr ab d p 001 0 cze | ||
| 015 | |a cnb003545593 | ||
| 020 | |a 9788026618997 |q (brožováno) : |c Kč 299,00 | ||
| 035 | |a (OCoLC)1402156119 | ||
| 040 | |a OLA001 |b cze |d ABA001 |e rda | ||
| 072 | 7 | |a 3 |x Společenské vědy |2 Konspekt | |
| 072 | 7 | |a 37.016 |x Učební osnovy. Vyučovací předměty. Učebnice |2 Konspekt | |
| 080 | |a 3 |2 MRF | ||
| 080 | |a 373.5.016 |2 MRF | ||
| 080 | |a 373.5.091.274/.275 |2 MRF | ||
| 080 | |a (075.3) |2 MRF | ||
| 100 | 1 | |a Buček, Ladislav |7 pag2016932743 |4 aut |4 edt | |
| 245 | 1 | 0 | |a Občanský a společenskovědní základ : |b přehled středoškolského učiva / |c Ladislav Buček, Klára Hamuľáková, Klára Ille, Jan Mochťák, Ivana Rabinská, Jiří Svoboda, Petr Wawrosz, Gabriela Zapletalová, Lukáš Zapletal ; na odborné revizi 3. aktualizovaného vydání spolupracovali: Ladislav Buček, Viktor Bělohoubek, Samuel Kohoutek, Ivana Rabinská, Jan Slanina |
| 250 | |a Třetí, aktualizované vydání | ||
| 264 | 1 | |a V Brně : |b Edika, |c 2023 | |
| 300 | |a 310 stran : |b ilustrace (převážně barevné), 1 mapa ; |c 25 cm | ||
| 336 | |a text |b txt |2 rdacontent | ||
| 337 | |a bez média |b n |2 rdamedia | ||
| 338 | |a svazek |b nc |2 rdacarrier | ||
| 490 | 1 | |a Maturity | |
| 504 | |a Obsahuje bibliografii a rejstřík | ||
| 520 | 2 | |a Ucelený přehled středoškolského učiva z oblasti psychologie, sociologie, politologie, práva, ekonomie, filosofie a europolitiky. |b Posluchačům vysokých a vyšších škol poslouží například jako sada odborných materiálů pro opakování základů jednotlivých oblastí. Nakladatelská anotace. Kráceno. | |
| 650 | 0 | 7 | |a společenské vědy |7 ph116244 |2 czenas |
| 650 | 0 | 7 | |a učivo středních škol |7 ph136702 |2 czenas |
| 650 | 0 | 7 | |a maturitní zkoušky |7 ph136836 |2 czenas |
| 650 | 0 | 9 | |a social sciences |2 eczenas |
| 650 | 0 | 9 | |a secondary school curriculum |2 eczenas |
| 650 | 0 | 9 | |a high school equivalency examinations |2 eczenas |
| 655 | 7 | |a učebnice středních škol |7 fd133771 |2 czenas | |
| 655 | 9 | |a textbooks (secondary) |2 eczenas | |
| 700 | 1 | |a Hamuľáková, Klára, |d 1981- |7 osa2010612571 |4 aut | |
| 700 | 1 | |a Ille, Klára |7 xx0227403 |4 aut | |
| 700 | 1 | |a Mochťák, Jan, |d 1979- |7 xx0234631 |4 aut | |
| 700 | 1 | |a Rabinská, Ivana |7 hka20191032743 |4 aut |4 edt | |
| 700 | 1 | |a Svoboda, Jiří, |d 1948- |7 mzk2008459038 |4 aut | |
| 700 | 1 | |a Wawrosz, Petr, |d 1968- |7 xx0001727 |4 aut | |
| 700 | 1 | |a Zapletalová, Gabriela |7 mzk2009533844 |4 aut | |
| 700 | 1 | |a Zapletal, Lukáš |4 aut | |
| 700 | 1 | |a Bělohoubek, Viktor |4 edt | |
| 700 | 1 | |a Kohoutek, Samuel |4 edt | |
| 700 | 1 | |a Slanina, Jan |4 edt | |
| 830 | 0 | |a Maturity (Edika) | |
| 900 | |a ABA001 |b 19 | ||
| 928 | 9 | |a Albatros Media - Edika | |
| 044 | |a xr | ||
| 910 | |a RBIT002 | ||
| 998 | |d 400019 |a https://core.palmknihy.cz/api/books/400019/cover?sa107w |b https://core.palmknihy.cz/api/books/400019/cover/400?sa107w |c https://core.palmknihy.cz/api/books/400019/cover/50?sa107w |e 2033-12-31 |g 312 |i 9788026618997 |k https://core.palmknihy.cz/api/books/400019/preview.pdf |l |q 49 |r 1 |s https://www.palmknihy.cz/kniha/400019 |t ebook |y 2023 |z 0 | ||
| 999 | |d 312318 | ||